| 000 | 00509nam a22001937a 4500 | ||
|---|---|---|---|
| 003 | NUST - PNEC | ||
| 005 | 20170116180808.0 | ||
| 008 | 150423b xxu||||| |||| 00| 0 eng d | ||
| 020 | _a0521557372 | ||
| 040 | _cLIBRARY | ||
| 082 | _a428.1 RED | ||
| 100 |
_93171 _aRedman, Stuart |
||
| 245 |
_a English vocabulary in use . _c Stuart Redman . |
||
| 250 | _a- | ||
| 260 |
_aUK : _bCambridge, _cc 1997. |
||
| 300 | _a270 p . : | ||
| 650 |
_93172 _a English vocabulary in use _xVocabulary. |
||
| 942 |
_2ddc _cBK |
||
| 999 |
_c63283 _d63283 |
||